[Event "Tata Steel-A 74th"]
[Site "Wijk aan Zee"]
[Date "2012.01.28"]
[Round "12"]
[White "Karjakin, Sergey"]
[Black "Gashimov, Vugar"]
[Result "1/2-1/2"]
[WhiteElo "2769"]
[BlackElo "2761"]
[PlyCount "53"]
[EventDate "2012.01.14"]
[EventType "tourn"]
[EventRounds "13"]
[EventCountry "NED"]
[EventCategory "21"]
[SourceTitle "CBM 147"]
[Source "ChessBase"]
[SourceDate "2012.03.16"]
[SourceVersion "1"]
[SourceVersionDate "2012.03.16"]
[SourceQuality "1"]

1. d4 Nf6 2. c4 e6 3. Nf3 b6 4. g3 Ba6 5. b3 Bb4+ 6. Bd2 Be7 7. Nc3 0-0 8. e4 d5 9. cxd5 Bxf1 10. Kxf1 exd5 11. e5 Ne4 12. Kg2 Qd7 13. Qc2 Nxd2 14. Qxd2 Nc6 15. h4 Rac8 16. Rae1 Nd8 17. Ng5 Ne6 18. f4 c5 19. dxc5 Rxc5 20. Qd3 Bxg5 21. hxg5 Nxf4+ 22. gxf4 Qg4+ 23. Kf2 Qxf4+ 24. Kg2 Qg4+ 25. Kf2 Qf4+ 26. Kg2 Qg4+ 27. Kf2 1/2-1/2

[Event "Tata Steel-A 74th"]
[Site "Wijk aan Zee"]
[Date "2012.01.27"]
[Round "11"]
[White "Gashimov, Vugar"]
[Black "Radjabov, Teimour"]
[Result "0-1"]
[WhiteElo "2761"]
[BlackElo "2773"]
[PlyCount "106"]
[EventDate "2012.01.14"]
[EventType "tourn"]
[EventRounds "13"]
[EventCountry "NED"]
[EventCategory "21"]
[SourceTitle "CBM 147"]
[Source "ChessBase"]
[SourceDate "2012.03.16"]
[SourceVersion "1"]
[SourceVersionDate "2012.03.16"]
[SourceQuality "1"]

1. e4 c5 2. Nc3 e6 3. Nf3 Nc6 4. d4 cxd4 5. Nxd4 Nf6 6. Nxc6 bxc6 7. e5 Nd5 8. Ne4 Qc7 9. f4 Qa5+ 10. c3 Be7 11. Bd3 f5 12. Nf2 0-0 13. 0-0 Qc7 14. Be2 d6 15. c4 Nb6 16. c5 dxc5 17. b3 a5 18. Bc4 a4 19. Be3 Nd5 20. Qe2 Qb6 21. Bd2 Ba6 22. Nd3 Bb5 23. Kh1 Qa6 24. Rac1 axb3 25. axb3 Bxc4 26. bxc4 Nb4 27. Be3 Rfd8 28. Ne1 Qa2 29. Qxa2 Rxa2 30. Rf2 Ra3 31. Re2 Kf7 32. Kg1 h6 33. Kf1 g5 34. g3 Rd7 35. Rd2 Rda7 36. Bf2 Rb3 37. Kg2 Ke8 38. Kf1 Raa3 39. Rcd1 gxf4 40. gxf4 Rc3 41. Bxc5 Bxc5 42. Rd8+ Kf7 43. R1d7+ Kg6 44. Rg8+ Kh5 45. Rh7 Rf3+ 46. Nxf3 Rxf3+ 47. Kg2 Rxf4 48. Rgh8 Rg4+ 49. Kh3 Nd3 50. Rxh6+ Kg5 51. Rg8+ Kxh6 52. Rh8+ Kg5 53. Rh5+ Kf4 0-1

[Event "Tata Steel-A 74th"]
[Site "Wijk aan Zee"]
[Date "2012.01.22"]
[Round "8"]
[White "Giri, Anish"]
[Black "Gashimov, Vugar"]
[Result "0-1"]
[WhiteElo "2714"]
[BlackElo "2761"]
[PlyCount "76"]
[EventDate "2012.01.14"]
[EventType "tourn"]
[EventRounds "13"]
[EventCountry "NED"]
[EventCategory "21"]
[SourceTitle "CBM 147"]
[Source "ChessBase"]
[SourceDate "2012.03.16"]
[SourceVersion "1"]
[SourceVersionDate "2012.03.16"]
[SourceQuality "1"]

1. e4 c5 2. Nf3 d6 3. d4 cxd4 4. Nxd4 Nf6 5. Nc3 a6 6. Bg5 Nbd7 7. Bc4 Qa5 8. Qd2 e6 9. 0-0-0 b5 10. Bd5 b4 11. Bxa8 bxc3 12. bxc3 Qxa2 13. Qe2 Be7 14. Kd2 Nxe4+ 15. Qxe4 Bxg5+ 16. f4 d5 17. Ra1 Qxa1 18. Rxa1 dxe4 19. fxg5 h6 20. g6 f5 21. Nxe6 Ke7 22. Nf4 Rd8 23. Bd5 Nb6 24. c4 Nxc4+ 25. Kc3 Ne3 26. Bf7 Rd6 27. Ra5 Bd7 28. Re5+ Kf6 29. Rc5 Kg5 30. g3 Nf1 31. h4+ Kg4 32. Rd5 Rxd5 33. Nxd5 Kxg3 34. Nf6 e3 35. Bc4 Bb5 36. Nh5+ Kf2 37. Nxg7 Bxc4 38. Kxc4 e2 0-1

[Event "Tata Steel-A 74th"]
[Site "Wijk aan Zee"]
[Date "2012.01.15"]
[Round "2"]
[White "Gashimov, Vugar"]
[Black "Kamsky, Gata"]
[Result "1/2-1/2"]
[WhiteElo "2761"]
[BlackElo "2732"]
[PlyCount "81"]
[EventDate "2012.01.14"]
[EventType "tourn"]
[EventRounds "13"]
[EventCountry "NED"]
[EventCategory "21"]
[SourceTitle "CBM 147"]
[Source "ChessBase"]
[SourceDate "2012.03.16"]
[SourceVersion "1"]
[SourceVersionDate "2012.03.16"]
[SourceQuality "1"]

1. e4 e5 2. Nf3 Nc6 3. Bb5 a6 4. Ba4 Nf6 5. 0-0 Be7 6. Re1 b5 7. Bb3 0-0 8. h3 Bb7 9. d3 d5 10. exd5 Nxd5 11. Nxe5 Nxe5 12. Rxe5 Qd6 13. Re1 Rae8 14. Nd2 c5 15. c3 Bd8 16. Ne4 Qg6 17. Bd2 Nf6 18. Bc2 c4 19. Qf3 Kh8 20. Qg3 cxd3 21. Qxg6 hxg6 22. Nxf6 Rxe1+ 23. Rxe1 dxc2 24. Nd7 Rg8 25. Rc1 Re8 26. Rxc2 Bc8 27. Nc5 Bf5 28. Rc1 Re2 29. Be3 Rxb2 30. Nxa6 Rxa2 31. Nb4 Rb2 32. Bd4 Be6 33. Re1 Bc7 34. Na6 Bf4 35. Nc5 Bc4 36. Nd7 Re2 37. Rxe2 Bxe2 38. f3 f6 39. Kf2 Bc4 40. Be3 Bd6 41. Bc5 1/2-1/2

[Event "Tata Steel-A 74th"]
[Site "Wijk aan Zee"]
[Date "2012.01.14"]
[Round "1"]
[White "Carlsen, Magnus"]
[Black "Gashimov, Vugar"]
[Result "1-0"]
[WhiteElo "2835"]
[BlackElo "2761"]
[PlyCount "133"]
[EventDate "2012.01.14"]
[EventType "tourn"]
[EventRounds "13"]
[EventCountry "NED"]
[EventCategory "21"]
[SourceTitle "CBM 147"]
[Source "ChessBase"]
[SourceDate "2012.03.16"]
[SourceVersion "1"]
[SourceVersionDate "2012.03.16"]
[SourceQuality "1"]

1. Nf3 Nf6 2. c4 c5 3. Nc3 e6 4. g3 b6 5. Bg2 Bb7 6. 0-0 Be7 7. d4 cxd4 8. Qxd4 d6 9. Bg5 a6 10. Bxf6 Bxf6 11. Qf4 0-0 12. Rfd1 Be7 13. Ne4 Bxe4 14. Qxe4 Ra7 15. Nd4 Rc7 16. Rd2 Rc5 17. Rad1 Qc7 18. b3 Kh8 19. Qb1 Nd7 20. e3 Qc8 21. Rc2 Rc7 22. a4 Rd8 23. Qa2 Ne5 24. h3 Bf6 25. Rcd2 Rc5 26. f4 Ng6 27. Rd3 h6 28. Qd2 e5 29. Nc2 b5 30. axb5 axb5 31. Na3 bxc4 32. Nxc4 d5 33. Bxd5 Qxh3 34. Qg2 Qxg2+ 35. Kxg2 exf4 36. exf4 Rc7 37. Ne3 Rcd7 38. Ng4 Bb2 39. Nf2 f6 40. Be4 Nf8 41. b4 Rxd3 42. Nxd3 Bc3 43. Rc1 Bd4 44. Nc5 Be3 45. Rc3 Rd2+ 46. Kf3 Bd4 47. Rc4 g6 48. Nd3 Bg1 49. Rc8 Kg7 50. Rc7+ Kg8 51. f5 g5 52. g4 Bh2 53. Rb7 Rc2 54. Nc5 Rc3+ 55. Ke2 h5 56. gxh5 g4 57. Ne6 Rc8 58. b5 Rb8 59. Rxb8 Bxb8 60. Bd5 Ba7 61. Kf1 Be3 62. Kg2 Kf7 63. Nxf8+ Kxf8 64. Kg3 Ke7 65. Kxg4 Kd6 66. Kf3 Bd2 67. b6 1-0

[Event "San Sebastian KO GpA"]
[Site "San Sebastian"]
[Date "2012.01.02"]
[Round "4"]
[White "Gashimov, Vugar"]
[Black "Landa, Konstantin"]
[Result "1/2-1/2"]
[WhiteElo "2757"]
[BlackElo "2639"]
[PlyCount "37"]
[EventDate "2011.12.28"]
[EventType "k.o."]
[EventRounds "7"]
[EventCountry "ESP"]
[SourceTitle "CBM 146 Extra"]
[Source "ChessBase"]
[SourceDate "2012.02.29"]
[SourceVersion "1"]
[SourceVersionDate "2012.02.29"]
[SourceQuality "1"]

1. Nf3 d5 2. c4 e6 3. b3 Nf6 4. Bb2 Be7 5. g3 0-0 6. Bg2 c5 7. 0-0 Nc6 8. e3 b6 9. d3 Bb7 10. Qe2 Qc7 11. Nc3 Rad8 12. Rac1 Qb8 13. Rfd1 Rfe8 14. a3 h6 15. Qc2 Qa8 16. Nb5 Qb8 17. Nc3 Qa8 18. Nb5 Qb8 19. Nc3 1/2-1/2

[Event "Beijing Sportaccord blindfold"]
[Site "Beijing"]
[Date "2011.12.15"]
[Round "3"]
[White "Gashimov, Vugar"]
[Black "Ponomariov, Ruslan"]
[Result "1/2-1/2"]
[WhiteElo "2757"]
[BlackElo "2723"]
[PlyCount "76"]
[EventDate "2011.12.14"]
[EventType "swiss (rapid)"]
[EventRounds "7"]
[EventCountry "CHN"]
[SourceTitle "CBM 145 Extra"]
[Source "ChessBase"]
[SourceDate "2012.01.03"]
[SourceVersion "1"]
[SourceVersionDate "2012.01.03"]
[SourceQuality "1"]

1. e4 e5 2. Nf3 Nc6 3. Bb5 Nf6 4. d4 exd4 5. e5 Ne4 6. 0-0 Be7 7. Nxd4 0-0 8. Bxc6 dxc6 9. Re1 Nc5 10. Nc3 f5 11. exf6 Bxf6 12. Be3 Ne6 13. Nce2 b6 14. Nxc6 Qxd1 15. Raxd1 Bxb2 16. Ned4 Bxd4 17. Bxd4 Re8 18. Be5 Bb7 19. Nd4 Bd5 20. a3 Nxd4 21. Rxd4 Rad8 22. f4 c5 23. Rd2 Rd7 24. Red1 Red8 25. c4 Be6 26. Rxd7 Rxd7 27. Rxd7 Bxd7 28. Bb8 a6 29. Ba7 b5 30. cxb5 Bxb5 31. Bxc5 h5 32. Bd4 g6 33. Kf2 Kf7 34. h3 Ke6 35. g4 hxg4 36. hxg4 Ba4 37. f5+ gxf5 38. gxf5+ Kxf5 1/2-1/2

[Event "Beijing Sportaccord blitz"]
[Site "Beijing"]
[Date "2011.12.13"]
[Round "12"]
[White "Vachier Lagrave, Maxime"]
[Black "Gashimov, Vugar"]
[Result "1-0"]
[WhiteElo "2710"]
[BlackElo "2757"]
[PlyCount "80"]
[EventDate "2011.12.12"]
[EventType "swiss (blitz)"]
[EventRounds "15"]
[EventCountry "CHN"]
[SourceTitle "CBM 145 Extra"]
[Source "ChessBase"]
[SourceDate "2012.01.03"]
[SourceVersion "1"]
[SourceVersionDate "2012.01.03"]
[SourceQuality "1"]

1. e4 g6 2. d4 Bg7 3. Nf3 d6 4. Bc4 Nf6 5. Qe2 0-0 6. h3 Nc6 7. 0-0 e5 8. dxe5 Nxe5 9. Nxe5 dxe5 10. Rd1 Qe7 11. Nc3 c6 12. a4 Nh5 13. b3 Nf4 14. Qf3 Qf6 15. Kh2 g5 16. Ba3 g4 17. Qe3 Re8 18. Rd6 Qh4 19. Qg3 Qxg3+ 20. fxg3 Ne6 21. Bb2 Nd4 22. Rf1 Rf8 23. Ba3 Nxc2 24. Bc5 b6 25. Rd2 bxc5 26. Rxc2 a5 27. Nd1 Bh6 28. Rf6 Kg7 29. Rxc6 Bb7 30. Rxc5 gxh3 31. Rxe5 hxg2 32. Kxg2 Rfe8 33. Bd5 Bxd5 34. exd5 Rxe5 35. Rc5 Bd2 36. Kf3 h5 37. Rb5 Kg6 38. d6 Kf6 39. Nf2 Ke6 40. Ne4 Bb4 1-0

[Event "Beijing Sportaccord rap"]
[Site "Beijing"]
[Date "2011.12.11"]
[Round "6"]
[White "Gashimov, Vugar"]
[Black "Grischuk, Alexander"]
[Result "1/2-1/2"]
[WhiteElo "2757"]
[BlackElo "2752"]
[PlyCount "86"]
[EventDate "2011.12.09"]
[EventType "swiss (rapid)"]
[EventRounds "7"]
[EventCountry "CHN"]
[SourceTitle "CBM 145 Extra"]
[Source "ChessBase"]
[SourceDate "2012.01.03"]
[SourceVersion "1"]
[SourceVersionDate "2012.01.03"]
[SourceQuality "1"]

1. e4 c6 2. d4 d5 3. e5 Bf5 4. Nf3 e6 5. Be2 Ne7 6. 0-0 c5 7. Na3 Nec6 8. c4 cxd4 9. Nb5 a6 10. Bg5 Qd7 11. Nbxd4 Be4 12. Rc1 h6 13. Be3 Be7 14. cxd5 Bxd5 15. Qd2 Bb4 16. Qd3 0-0 17. a3 Be7 18. Bd1 Rd8 19. Bc2 g6 20. Qe2 Kg7 21. Rfd1 Nxd4 22. Bxd4 Qb5 23. Bd3 Qe8 24. Bc3 Nc6 25. Qe3 Rd7 26. Nd2 Rad8 27. Ne4 Bxe4 28. Qxe4 Bc5 29. h4 h5 30. Qf3 Bd4 31. Bxd4 Rxd4 32. Qf6+ Kg8 33. Be2 R8d5 34. f4 Qd8 35. Qxd8+ Rxd8 36. Bf3 Kf8 37. g3 Rxd1+ 38. Rxd1 Rxd1+ 39. Bxd1 Nd4 40. Kf2 Ke7 41. Ke3 Nf5+ 42. Kf2 Nd4 43. Ke3 Nf5+ 1/2-1/2

[Event "Beijing Sportaccord rap"]
[Site "Beijing"]
[Date "2011.12.09"]
[Round "2"]
[White "Gashimov, Vugar"]
[Black "Wang, Yue"]
[Result "1-0"]
[WhiteElo "2757"]
[BlackElo "2697"]
[PlyCount "145"]
[EventDate "2011.12.09"]
[EventType "swiss (rapid)"]
[EventRounds "7"]
[EventCountry "CHN"]
[SourceTitle "CBM 145 Extra"]
[Source "ChessBase"]
[SourceDate "2012.01.03"]
[SourceVersion "1"]
[SourceVersionDate "2012.01.03"]
[SourceQuality "1"]

1. e4 c5 2. Nc3 Nc6 3. Nf3 e5 4. Bc4 Be7 5. d3 d6 6. a3 Nf6 7. Bg5 0-0 8. Bxf6 Bxf6 9. Nd5 Rb8 10. c3 b5 11. Bb3 Be6 12. h4 a5 13. Ne3 a4 14. Ba2 Na5 15. Bd5 Nb3 16. Rb1 Be7 17. g4 c4 18. dxc4 bxc4 19. Qe2 Qd7 20. g5 Bxd5 21. Nxd5 Kh8 22. Nd2 Nc5 23. Nxc4 f5 24. gxf6 Bxf6 25. Rd1 Bd8 26. Nb4 Be7 27. f3 Qe6 28. Nd5 Rf7 29. Kd2 Rbf8 30. Rdf1 Bd8 31. Kc2 Qd7 32. Nd2 Ne6 33. Qd3 h5 34. Nc4 Nc5 35. Qd1 g6 36. Kb1 Kh7 37. Nb4 Be7 38. Nd3 Qb5 39. Nxc5 Qxc4 40. Nd3 Qb5 41. Nb4 Qd7 42. Nd5 Bd8 43. Qd3 Qc6 44. Qe2 Qd7 45. Ka1 Qc6 46. Qg2 Qd7 47. Rh3 Qe6 48. Rd1 Qd7 49. Rd3 Qb5 50. Rd1 Qd7 51. Rd2 Qc8 52. Rd1 Qd7 53. Ne3 Qe6 54. Rd5 Be7 55. Rd1 Rf4 56. Rdh1 Bd8 57. Nd5 R4f7 58. Rg1 Rg8 59. Qh1 Qd7 60. Rhg3 Qe6 61. Qg2 Rgg7 62. Rh3 Rg8 63. Rd1 Rgf8 64. Rd3 Qc8 65. Rh1 Qe6 66. Qg3 Qc8 67. Rhd1 Qe6 68. Nb4 Rd7 69. Rd5 Qf6 70. Qh3 Rff7 71. Nc6 Qxh4 72. Qxh4 Bxh4 73. Nxe5 1-0

[Event "EU-chT (Men) 18th"]
[Site "Porto Carras"]
[Date "2011.11.11"]
[Round "9.2"]
[White "Parligras, Mircea Emilian"]
[Black "Gashimov, Vugar"]
[Result "0-1"]
[WhiteElo "2650"]
[BlackElo "2757"]
[PlyCount "102"]
[EventDate "2011.11.03"]
[EventType "team-swiss"]
[EventRounds "9"]
[EventCountry "GRE"]
[SourceTitle "CBM 146"]
[Source "ChessBase"]
[SourceDate "2012.01.18"]
[SourceVersion "1"]
[SourceVersionDate "2012.01.18"]
[SourceQuality "1"]
[WhiteTeam "Romania"]
[BlackTeam "Azerbaijan"]
[WhiteTeamCountry "ROU"]
[BlackTeamCountry "AZE"]

1. d4 Nf6 2. c4 c5 3. d5 e6 4. Nc3 exd5 5. cxd5 d6 6. Nf3 a6 7. a4 g6 8. Bf4 Bg7 9. h3 0-0 10. e3 Ne8 11. Be2 Nd7 12. 0-0 Qe7 13. a5 Rb8 14. Nd2 Ne5 15. Na4 Bd7 16. Nb6 Bb5 17. Re1 f5 18. Qb3 Nc7 19. Ndc4 Nf7 20. Rad1 Qf6 21. Bg3 Rbd8 22. Na4 Na8 23. Nc3 Bxc4 24. Bxc4 Rb8 25. Na4 Ne5 26. Bf1 Qd8 27. Nb6 Nxb6 28. axb6 Qe7 29. Bxe5 Qxe5 30. Rb1 f4 31. Qc4 Qg5 32. exf4 Rxf4 33. Re4 Bd4 34. Rxf4 Qxf4 35. Qe2 Rf8 36. Kh1 Bxf2 37. Qe6+ Kg7 38. Be2 Rf6 39. Qg4 Qe5 40. Bf3 h5 41. Qc8 Rf7 42. Qe6 Qg3 43. Rf1 Bd4 44. Qe1 Qxe1 45. Rxe1 Bxb2 46. Re8 a5 47. Be2 a4 48. Ra8 a3 49. g4 hxg4 50. hxg4 Kh6 51. Bb5 Rf4 0-1

[Event "EU-chT (Men) 18th"]
[Site "Porto Carras"]
[Date "2011.11.09"]
[Round "7.2"]
[White "Gashimov, Vugar"]
[Black "Cheparinov, Ivan"]
[Result "1-0"]
[WhiteElo "2757"]
[BlackElo "2650"]
[PlyCount "75"]
[EventDate "2011.11.03"]
[EventType "team-swiss"]
[EventRounds "9"]
[EventCountry "GRE"]
[SourceTitle "CBM 146"]
[Source "ChessBase"]
[SourceDate "2012.01.18"]
[SourceVersion "1"]
[SourceVersionDate "2012.01.18"]
[SourceQuality "1"]
[WhiteTeam "Azerbaijan"]
[BlackTeam "Bulgaria"]
[WhiteTeamCountry "AZE"]
[BlackTeamCountry "BUL"]

1. e4 c5 2. Nc3 d6 3. f4 Nc6 4. Nf3 g6 5. Bb5 Bd7 6. Bc4 Na5 7. Be2 Bg7 8. 0-0 Nf6 9. Qe1 0-0 10. Qh4 Nc6 11. d3 Nd4 12. Nxd4 cxd4 13. Nb1 Rc8 14. Bd1 Rc5 15. Nd2 Qc7 16. Nf3 Rxc2 17. Bxc2 Qxc2 18. Ne1 Qd1 19. b3 Ng4 20. Qxe7 Bc6 21. h3 Re8 22. Qxd6 Bf8 23. Qxd4 Rxe4 24. Bb2 Rxd4 25. Rxd1 Bc5 26. Bxd4 Bxd4+ 27. Kh1 Ne3 28. Nf3 Bxf3 29. gxf3 Kg7 30. Rfe1 Nxd1 31. Rxd1 Bc5 32. Rc1 b6 33. Rc4 Kf6 34. b4 Bd6 35. b5 Ke6 36. Kg2 Kd5 37. Kf1 f5 38. Ke2 1-0

[Event "EU-chT (Men) 18th"]
[Site "Porto Carras"]
[Date "2011.11.07"]
[Round "5.2"]
[White "Vachier Lagrave, Maxime"]
[Black "Gashimov, Vugar"]
[Result "1/2-1/2"]
[WhiteElo "2710"]
[BlackElo "2757"]
[PlyCount "38"]
[EventDate "2011.11.03"]
[EventType "team-swiss"]
[EventRounds "9"]
[EventCountry "GRE"]
[SourceTitle "CBM 146"]
[Source "ChessBase"]
[SourceDate "2012.01.18"]
[SourceVersion "1"]
[SourceVersionDate "2012.01.18"]
[SourceQuality "1"]
[WhiteTeam "France"]
[BlackTeam "Azerbaijan"]
[WhiteTeamCountry "FRA"]
[BlackTeamCountry "AZE"]

1. e4 e5 2. Nf3 Nf6 3. Nxe5 d6 4. Nf3 Nxe4 5. d4 d5 6. Bd3 Nc6 7. 0-0 Be7 8. Nc3 Bf5 9. Re1 Nxc3 10. bxc3 Bxd3 11. Qxd3 0-0 12. Rb1 Na5 13. Bf4 c6 14. c4 dxc4 15. Qe4 Bf6 16. Bd2 c3 17. Bxc3 Nc4 18. a4 Qc8 19. Ne5 Nb6 1/2-1/2

[Event "EU-chT (Men) 18th"]
[Site "Porto Carras"]
[Date "2011.11.04"]
[Round "2.2"]
[White "Gashimov, Vugar"]
[Black "Movsesian, Sergei"]
[Result "1-0"]
[WhiteElo "2757"]
[BlackElo "2710"]
[PlyCount "105"]
[EventDate "2011.11.03"]
[EventType "team-swiss"]
[EventRounds "9"]
[EventCountry "GRE"]
[SourceTitle "CBM 146"]
[Source "ChessBase"]
[SourceDate "2012.01.18"]
[SourceVersion "1"]
[SourceVersionDate "2012.01.18"]
[SourceQuality "1"]
[WhiteTeam "Azerbaijan"]
[BlackTeam "Armenia"]
[WhiteTeamCountry "AZE"]
[BlackTeamCountry "ARM"]

1. d4 d5 2. c4 c6 3. Nf3 Nf6 4. Nc3 a6 5. e3 b5 6. c5 Nbd7 7. b3 g6 8. Bb2 Bg7 9. b4 a5 10. a3 0-0 11. Be2 Ne4 12. 0-0 axb4 13. axb4 Rxa1 14. Qxa1 Nxc3 15. Bxc3 Qc7 16. Nd2 Bb7 17. Nb3 Ra8 18. Na5 e5 19. dxe5 Bxe5 20. h3 Re8 21. Rc1 Bxc3 22. Qxc3 Ne5 23. Ra1 Nc4 24. Nb3 Bc8 25. Ra2 h5 26. Qf6 Bd7 27. Nd4 Qb7 28. Bxc4 dxc4 29. Qd6 Rc8 30. f4 Re8 31. Ra3 Qc8 32. Kh2 Rd8 33. Qf6 Re8 34. Nf3 Be6 35. Ng5 Qd8 36. Qa1 Bd5 37. e4 Qb8 38. Kg3 Be6 39. Nxe6 fxe6 40. Qf6 Qb7 41. Kh4 Qg7 42. Kg5 e5 43. Qxc6 Qe7+ 44. Qf6 exf4 45. Qxe7 Rxe7 46. Kxg6 Rg7+ 47. Kf6 Rxg2 48. c6 Rg7 49. Ke6 Rf7 50. Kd6 Rf6+ 51. Kc5 Rf7 52. Kb6 Rf6 53. Kxb5 1-0

[Event "EU-chT (Men) 18th"]
[Site "Porto Carras"]
[Date "2011.11.03"]
[Round "1.2"]
[White "Godena, Michele"]
[Black "Gashimov, Vugar"]
[Result "1/2-1/2"]
[WhiteElo "2548"]
[BlackElo "2757"]
[PlyCount "81"]
[EventDate "2011.11.03"]
[EventType "team-swiss"]
[EventRounds "9"]
[EventCountry "GRE"]
[SourceTitle "CBM 146"]
[Source "ChessBase"]
[SourceDate "2012.01.18"]
[SourceVersion "1"]
[SourceVersionDate "2012.01.18"]
[SourceQuality "1"]
[WhiteTeam "Italy"]
[BlackTeam "Azerbaijan"]
[WhiteTeamCountry "ITA"]
[BlackTeamCountry "AZE"]

1. e4 g6 2. d4 Bg7 3. c3 d6 4. Nf3 Nf6 5. Bd3 Nbd7 6. 0-0 e5 7. Re1 0-0 8. Nbd2 Nh5 9. Nc4 h6 10. Bd2 Re8 11. Bf1 b6 12. Qc2 Bb7 13. d5 f5 14. exf5 Bxd5 15. Be2 Nc5 16. fxg6 Rf8 17. Qd1 Bb7 18. Be3 Nf4 19. Bxf4 Rxf4 20. Ne3 Kh8 21. g3 Rf8 22. Nh4 Qg5 23. Bc4 d5 24. Bxd5 Rad8 25. b4 Ne4 26. Bxb7 Rxd1 27. Nxd1 Nd6 28. Bg2 Qd2 29. Rf1 Nc4 30. Rb1 Qe2 31. Ne3 Nd2 32. Rbe1 Qa6 33. Bd5 e4 34. Nhf5 b5 35. Bf7 Qf6 36. Rd1 Rd8 37. Kg2 Nxf1 38. Rxf1 Qxc3 39. Rb1 Rd2 40. h4 h5 41. Rf1 1/2-1/2

[Event "Bundesliga 1112"]
[Site "Germany"]
[Date "2011.10.16"]
[Round "3.1"]
[White "Melkumyan, Hrant"]
[Black "Gashimov, Vugar"]
[Result "1-0"]
[WhiteElo "2619"]
[BlackElo "2756"]
[PlyCount "147"]
[EventDate "2011.10.14"]
[EventType "team-tourn"]
[EventRounds "15"]
[EventCountry "GER"]
[SourceTitle "CBM 145"]
[Source "ChessBase"]
[SourceDate "2011.11.11"]
[SourceVersion "1"]
[SourceVersionDate "2011.11.11"]
[SourceQuality "1"]
[WhiteTeam "Berlin SF"]
[BlackTeam "Werder Bremen"]
[WhiteTeamCountry "GER"]
[BlackTeamCountry "GER"]

1. d4 Nf6 2. c4 e6 3. Nc3 Bb4 4. e3 c5 5. Nf3 Nc6 6. Bd3 d6 7. 0-0 Bxc3 8. bxc3 e5 9. d5 e4 10. dxc6 exd3 11. cxb7 Bxb7 12. Qxd3 0-0 13. Nd2 Ng4 14. e4 f5 15. exf5 Qf6 16. Nf3 Rae8 17. Bf4 Be4 18. Qxd6 Qxf5 19. Bg3 Bxf3 20. gxf3 Nf6 21. Kg2 Re6 22. Qd2 Nh5 23. Qd5 Qg6 24. Kh1 Kh8 25. Rae1 Ref6 26. Rg1 Rf5 27. Re5 h6 28. Qxc5 Kh7 29. Rxf5 Rxf5 30. Qe3 Qc6 31. Kg2 Qxc4 32. Qe4 Qf7 33. c4 Qg6 34. Kh1 Nf6 35. Qd3 Qh5 36. Kg2 Qg6 37. Re1 Nh5 38. Re4 Ra5 39. Qd2 Ra3 40. Rd4 Qb1 41. Qe2 Rxa2 42. Qe4+ Qxe4 43. fxe4 Nxg3 44. hxg3 a5 45. Kf3 a4 46. c5 Rc2 47. Rxa4 Rxc5 48. Kf4 Kg6 49. e5 Rc2 50. f3 Rc3 51. g4 Kf7 52. Ra7+ Kg6 53. Ra6+ Kf7 54. Ke4 Rb3 55. f4 Rb7 56. Kf5 Rc7 57. Rd6 Ke7 58. Rd4 Rc6 59. Ra4 Rb6 60. Ra7+ Kf8 61. Rd7 Ra6 62. Rd6 Ra4 63. Rb6 Ke7 64. Rb7+ Kf8 65. e6 Ra6 66. Rf7+ Kg8 67. g5 hxg5 68. fxg5 Rb6 69. g6 Rb5+ 70. Ke4 Rb4+ 71. Kd5 Rb5+ 72. Kc6 Rb8 73. e7 Ra8 74. Kc7 1-0

[Event "FIDE World Cup"]
[Site "Khanty-Mansiysk"]
[Date "2011.09.09"]
[Round "5.1"]
[White "Ponomariov, Ruslan"]
[Black "Gashimov, Vugar"]
[Result "1/2-1/2"]
[WhiteElo "2764"]
[BlackElo "2760"]
[PlyCount "27"]
[EventDate "2011.08.28"]
[EventType "k.o."]
[EventRounds "7"]
[EventCountry "RUS"]
[SourceTitle "CBM 145"]
[Source "ChessBase"]
[SourceDate "2011.11.11"]
[SourceVersion "1"]
[SourceVersionDate "2011.11.11"]
[SourceQuality "1"]

1. d4 Nf6 2. Nf3 e6 3. c4 b6 4. g3 Bb7 5. Bg2 c5 6. d5 exd5 7. Nh4 g6 8. Nc3 Bg7 9. 0-0 0-0 10. Bg5 Qe8 11. Bf4 Qd8 12. Bg5 Qe8 13. Bf4 Qd8 14. Bg5 1/2-1/2

[Event "FIDE World Cup"]
[Site "Khanty-Mansiysk"]
[Date "2011.08.31"]
[Round "2.1"]
[White "Gashimov, Vugar"]
[Black "Azarov, Sergei Nikolaevich"]
[Result "1-0"]
[WhiteElo "2760"]
[BlackElo "2648"]
[PlyCount "45"]
[EventDate "2011.08.28"]
[EventType "k.o."]
[EventRounds "7"]
[EventCountry "RUS"]
[SourceTitle "CBM 145"]
[Source "ChessBase"]
[SourceDate "2011.11.11"]
[SourceVersion "1"]
[SourceVersionDate "2011.11.11"]
[SourceQuality "1"]

1. e4 e5 2. Nf3 Nc6 3. Bb5 f5 4. d3 fxe4 5. dxe4 Nf6 6. Be3 Bb4+ 7. c3 Be7 8. Bxc6 bxc6 9. Nxe5 Ba6 10. Nd2 Rb8 11. Qa4 Qc8 12. 0-0-0 0-0 13. Bg5 Kh8 14. c4 c5 15. h4 Rb6 16. h5 d6 17. Ng6+ hxg6 18. hxg6+ Kg8 19. Qa3 Qg4 20. f4 Rfb8 21. Rh4 Qe6 22. Rdh1 Kf8 23. f5 1-0

[Event "WchT 8th"]
[Site "Ningbo"]
[Date "2011.07.21"]
[Round "5.2"]
[White "Eljanov, Pavel"]
[Black "Gashimov, Vugar"]
[Result "1/2-1/2"]
[WhiteElo "2697"]
[BlackElo "2760"]
[PlyCount "118"]
[EventDate "2011.07.17"]
[EventType "team-tourn"]
[EventRounds "9"]
[EventCountry "CHN"]
[SourceTitle "CBM 144"]
[Source "ChessBase"]
[SourceDate "2011.09.16"]
[SourceVersion "1"]
[SourceVersionDate "2011.09.16"]
[SourceQuality "1"]
[WhiteTeam "Ukraine"]
[BlackTeam "Azerbaijan"]
[WhiteTeamCountry "UKR"]
[BlackTeamCountry "AZE"]

1. d4 Nf6 2. c4 e6 3. Nf3 c5 4. d5 d6 5. Nc3 exd5 6. cxd5 g6 7. Bf4 a6 8. a4 Bg7 9. h3 0-0 10. e3 Ne8 11. Be2 Nd7 12. 0-0 h6 13. e4 Rb8 14. Bg3 Qe7 15. Re1 g5 16. a5 b5 17. axb6 Rxb6 18. Qc2 Ne5 19. Nd2 Nc7 20. Bxe5 Bxe5 21. Nc4 Rb4 22. Na2 Rb7 23. Nc1 Bg7 24. Nb3 Rb4 25. Nba5 Bd7 26. Bg4 Nb5 27. Bxd7 Nd4 28. Nc6 Qxd7 29. Nxd4 Bxd4 30. Ra3 Ra8 31. Rf3 Qe7 32. b3 a5 33. e5 Bxe5 34. Nxe5 dxe5 35. Qf5 e4 36. h4 Rd8 37. hxg5 Qd7 38. gxh6 Qxf5 39. Rxf5 Rd6 40. h7+ Kxh7 41. Rxf7+ Kg6 42. Ra7 Rxd5 43. Rxa5 Kf5 44. Rc1 Rxb3 45. Raxc5 Rxc5 46. Rxc5+ Kf6 47. Kf1 e3 48. f4 Rb2 49. g3 Rf2+ 50. Kg1 Ra2 51. Re5 Re2 52. g4 Rf2 53. Re4 Kg6 54. f5+ Kg5 55. Rxe3 Rf4 56. Rg3 Ra4 57. Rg2 Ra6 58. Kh2 Kf4 59. f6 Rxf6 1/2-1/2